000 01510nam a2200253 i 4500
001 47782
003 ES-MaACL
005 20250811160455.0
007 t|
008 030527m19571980sp ||||1| lat d
080 _a22.055
240 1 0 _aBiblia
245 1 0 _aBiblia polyglotta matritensia /
_ccura et studio Ayuso, T. Bellet, P. Bover, J.M. Cantera ... allisque plurimis collaborantibus peritis.
260 _aMatriti :
_bConsejo Superior de Investigaciones Científicas :
_bEditorial Católica,
_c1957-1980.
300 _a6 v. ;
_c31 cm.
505 8 _aContiene: Prooemium - Series IV. Vetus Testamentum Arameum: Targum Palaestinense. Additur Targum Pseudojonatan... - L.2. Exodus / editio critica curante Alexandro Diez Macho... - L.3. Leviticus / editio critica curante Alexandro Diez Macho... - L.5. Deuteronium / editio critica curante Alexandro Díez Macho - Series VII. Vetus Latina - L.21. Psalterium Visigothicum-Mozarabicum / editio critica curante Theophilo Ayuso Marazuela - Series VIII. Vulgata Hispana - L.21. Psalterium Hieronymi de Hebraica veritate interpretum / editio critica curante Teophilo Ayuso Marazuela
700 1 _aAyuso Marazuela, Teófilo,
_d1906-1962
_924206
700 1 _aSánchez de Muniain y Gil, José María.
_9102590
700 1 _aO'Callaghan, José,
_d1922-2001
_9140205
700 1 _aDíez Macho, Alejandro.
_944745
710 2 _aConsejo Superior de Investigaciones Científicas (España)
_93236
852 _aES-MaACL
_jP-1059
999 _c47782
_d47782